Integración centroamericana con exclusión social /
Guardado en:
| Autor principal: | |
|---|---|
| Formato: | Texto |
| Materias: | |
| Etiquetas: |
Agregar Etiqueta
Sin Etiquetas, Sea el primero en etiquetar este registro!
|
MARC
| LEADER | 00000 a a2200000 04500 | ||
|---|---|---|---|
| 001 | 13610 | ||
| 003 | |||
| 040 | |||
| 100 | |a Garita Bonilla, Nora | ||
| 245 | |a Integración centroamericana con exclusión social / |c Nora Garita Bonilla | ||
| 650 | |a INTEGRACION REGIONAL | ||
| 650 | |a MARGINALIDAD | ||
| 650 | |a PARTICIPACION POPULAR | ||
| 650 | |a ASPECTOS POLITICOS | ||
| 650 | |a HISTORIA SOCIAL | ||
| 650 | |a DESEMPLEO | ||
| 650 | |a SISTEMA DE SALUD | ||
| 650 | |a EDUCACION | ||
| 650 | |a MIGRACION | ||
| 650 | |a ACCESO A LA EDUCACION | ||
| 650 | |a PERSONAL DE SALUD | ||
| 773 | |g número 79; páginas 21-29 | ||
| 999 | |c 26494 |d 26494 | ||
